[Event "Mülheim Nord 2 - Brackel"]
[Site "?"]
[Date "2024.04.28"]
[Round "9.4"]
[White "De Boer, Bas"]
[Black "Kartsev, Soel"]
[Result "1-0"]
[WhiteElo "2218"]
[BlackElo "2137"]
[PlyCount "59"]
[EventDate "2024.??.??"]
[SourceVersionDate "2023.09.04"]

1. d4 Nf6 2. c4 e6 3. Nf3 d5 4. g3 Nbd7 5. Bg2 c6 6. O-O Bd6 7. Nfd2 e5 8. cxd5 cxd5 9. dxe5 Nxe5 10. Nc3 O-O 11. Nb3 Be6 12. Bg5 Neg4 13. h3 h6 14. Bf4 Bxf4 15. gxf4 Nh5 16. hxg4 Nxf4 17. e3 Nxg2 18. Kxg2 f5 19. Nd4 Bd7 20. f4 fxg4 21. Qb3 Bc6 22. Nce2 Qe7 23. Ng3 Rae8 24. Rae1 g6 25. Qc2 Qf6 26. Rh1 Kg7 27. Ndf5+ Kf7 28. Nxh6+ Ke6 29. Nxg4 d4+ 30. Qxc6+ 1-0

[Event "Mülheim Nord 2 - Brackel"]
[Site "?"]
[Date "2024.04.28"]
[Round "9.5"]
[White "Prieb, Robert"]
[Black "Kahleys, Kevin"]
[Result "1/2-1/2"]
[WhiteElo "2010"]
[BlackElo "2216"]
[PlyCount "34"]
[EventDate "2024.??.??"]
[SourceVersionDate "2023.09.04"]

1. d4 e6 2. c4 d5 3. Nf3 Nf6 4. Nc3 dxc4 5. e4 a6 6. Bxc4 c5 7. a4 cxd4 8. Qxd4 Qxd4 9. Nxd4 Bb4 10. f3 O-O 11. Bd2 Rd8 12. Nc2 Be7 13. O-O-O Nc6 14. Bf4 Bd7 15. b3 Rac8 16. Kb2 Be8 17. Rxd8 Rxd8 1/2-1/2

[Event "Mülheim Nord 2 - Brackel"]
[Site "?"]
[Date "2024.04.28"]
[Round "9.6"]
[White "Proettel, Swen"]
[Black "Skabs, Denis"]
[Result "1/2-1/2"]
[WhiteElo "2132"]
[BlackElo "2098"]
[PlyCount "45"]
[EventDate "2024.??.??"]
[SourceVersionDate "2023.09.04"]

1. e4 e5 2. Nc3 Nc6 3. Bc4 Nf6 4. d3 Na5 5. Qf3 Bb4 6. Nge2 d6 7. Bg5 h6 8. Bxf6 Qxf6 9. Qxf6 gxf6 10. a3 Bxc3+ 11. Nxc3 Nxc4 12. dxc4 Be6 13. Nd5 O-O-O 14. Ne3 Rhg8 15. O-O-O a6 16. a4 h5 17. Rhf1 Bd7 18. b3 h4 19. Rd2 Rde8 20. f3 Rg6 21. Rfd1 Be6 22. Rf1 Bd7 23. Rfd1 1/2-1/2

[Event "Mülheim Nord 2 - Brackel"]
[Site "?"]
[Date "2024.04.28"]
[Round "9.7"]
[White "Bungarten, Jona"]
[Black "Albers, Sasa"]
[Result "0-1"]
[WhiteElo "2091"]
[BlackElo "2263"]
[PlyCount "68"]
[EventDate "2024.??.??"]
[SourceVersionDate "2023.09.04"]

1. e4 c6 2. d4 d5 3. exd5 cxd5 4. c4 Nf6 5. Nc3 g6 6. cxd5 Nxd5 7. Be2 Bg7 8. Bf3 Nb6 9. Nge2 Nc6 10. Be3 O-O 11. h4 e5 12. d5 Ne7 13. Qb3 Nf5 14. h5 Nd4 15. Bxd4 exd4 16. Nb5 Re8 17. O-O-O Bf5 18. Nexd4 Rc8+ 19. Nc3 Qg5+ 20. Rd2 Bxd4 21. hxg6 hxg6 22. Kd1 Bxc3 23. bxc3 Nc4 24. Rd4 b5 25. d6 Rcd8 26. Bc6 Bg4+ 27. f3 Ne3+ 28. Kc1 Nf5+ 29. Rd2 Re2 30. Rhd1 Rxd6 31. Bd5 Rxd2 32. Rxd2 Ne7 33. c4 Nxd5 34. cxd5 Be6 0-1

[Event "Mülheim Nord 2 - Brackel"]
[Site "?"]
[Date "2024.04.28"]
[Round "9.8"]
[White "Bus, Tom"]
[Black "Strathoff, Martin"]
[Result "1/2-1/2"]
[WhiteElo "2091"]
[BlackElo "2074"]
[PlyCount "61"]
[EventDate "2024.??.??"]
[SourceVersionDate "2023.09.04"]

1. Nf3 d5 2. g3 Nf6 3. Bg2 e6 4. O-O Be7 5. d4 O-O 6. c4 c6 7. Qc2 Nbd7 8. Nbd2 Re8 9. e4 dxe4 10. Nxe4 Nxe4 11. Qxe4 Nf6 12. Qc2 c5 13. Rd1 cxd4 14. Nxd4 Qb6 15. Nb5 Bc5 16. b4 Bxb4 17. Rb1 Qa5 18. a3 Bc5 19. Bd2 Qb6 20. Bf4 e5 21. Nd6 Qxd6 22. Rxd6 Bxd6 23. Bg5 Rb8 24. Bxf6 gxf6 25. Qa4 Bf5 26. Rxb7 Kg7 27. Bd5 Rxb7 28. Qxe8 Rb1+ 29. Kg2 Bg6 30. Qd7 Bc5 31. h4 1/2-1/2

[Event "Mülheim-Nord 3 - Bochum "]
[Site "?"]
[Date "2024.04.28"]
[Round "9.1"]
[White "Zatonskih, Anna"]
[Black "Walter, Andreas"]
[Result "1/2-1/2"]
[WhiteElo "2342"]
[BlackElo "2156"]
[PlyCount "31"]
[EventDate "2024.??.??"]
[SourceVersionDate "2023.09.04"]

1. d4 d5 2. c4 e6 3. Nc3 Nf6 4. Nf3 c5 5. e3 a6 6. a3 dxc4 7. Bxc4 b5 8. Bd3 Bb7 9. O-O Nbd7 10. Qe2 Be7 11. Rd1 Qb6 12. Bc2 O-O 13. e4 cxd4 14. Nxd4 Ne5 15. Bf4 Nc4 16. Bb3 1/2-1/2

[Event "Mülheim-Nord 3 - Bochum"]
[Site "?"]
[Date "2024.04.28"]
[Round "9.2"]
[White "Limbourg, Philipp"]
[Black "Friedmann, Rafael"]
[Result "1/2-1/2"]
[WhiteElo "2199"]
[BlackElo "2419"]
[PlyCount "58"]
[EventDate "2024.??.??"]
[SourceVersionDate "2023.09.04"]

1. e4 d5 2. Nc3 d4 3. Nce2 e5 4. Ng3 Be6 5. Bb5+ Nd7 6. Ba4 c6 7. Bb3 Nc5 8. Bxe6 Nxe6 9. d3 Bb4+ 10. Bd2 Bxd2+ 11. Qxd2 Nf4 12. Kf1 Ne7 13. Nf3 Qd6 14. h4 O-O 15. Re1 c5 16. Ne2 Ne6 17. Ng3 f6 18. h5 Qa6 19. Nf5 Rf7 20. a3 Rc8 21. b3 Qc6 22. N3h4 b5 23. Rh3 Nf4 24. Nxe7+ Rxe7 25. Nf5 Rd7 26. Rh4 c4 27. bxc4 bxc4 28. g3 Ne6 29. Kg2 cxd3 1/2-1/2

[Event "Mülheim-Nord 3 - Bochum"]
[Site "?"]
[Date "2024.04.28"]
[Round "9.3"]
[White "Jugelt, Tobias"]
[Black "Kuipers, Dustin"]
[Result "1-0"]
[WhiteElo "2351"]
[BlackElo "2089"]
[PlyCount "51"]
[EventDate "2024.??.??"]
[SourceVersionDate "2023.09.04"]

1. d4 d5 2. c3 c6 3. Bf4 Nf6 4. Nd2 Bf5 5. a4 a5 6. Qb3 Ra7 7. e3 Nh5 8. Bxb8 Qxb8 9. Ngf3 Nf6 10. Ne5 Ra8 11. Be2 h6 12. O-O e6 13. f4 Ne4 14. Nxe4 Bxe4 15. c4 Be7 16. cxd5 exd5 17. Bg4 Bd6 18. Bd7+ Ke7 19. Bg4 Rd8 20. Rac1 f6 21. Rxc6 fxe5 22. Rb6 Bb4 23. fxe5 Re8 24. Rxb4 axb4 25. Qxb4+ Kd8 26. Rf7 1-0

[Event "Mülheim-Nord 3 - Bochum"]
[Site "?"]
[Date "2024.04.28"]
[Round "9.4"]
[White "Voss, Gunther"]
[Black "Illner, Achim"]
[Result "0-1"]
[WhiteElo "2073"]
[BlackElo "2436"]
[PlyCount "48"]
[EventDate "2024.??.??"]
[SourceVersionDate "2023.09.04"]

1. e4 c5 2. Nf3 Nc6 3. d4 cxd4 4. Nxd4 Qb6 5. Nb3 Nf6 6. Nc3 e6 7. Be3 Qc7 8. Bd3 Bb4 9. f4 d5 10. e5 Ne4 11. Bxe4 dxe4 12. O-O Bxc3 13. bxc3 b6 14. Bc1 Ba6 15. Re1 Rd8 16. Qg4 O-O 17. Ba3 Ne7 18. Qg5 f6 19. exf6 Rxf6 20. Bxe7 Qxe7 21. Rxe4 Bb7 22. Re3 Rd5 23. Re5 h6 24. Qh4 Rxe5 0-1

[Event "Mülheim-Nord 3 - Bochum"]
[Site "?"]
[Date "2024.04.28"]
[Round "9.5"]
[White "Golovanj, Andrej"]
[Black "Mainusch, Martin"]
[Result "1-0"]
[WhiteElo "2290"]
[BlackElo "2068"]
[PlyCount "97"]
[EventDate "2024.??.??"]
[SourceVersionDate "2023.09.04"]

1. d4 d5 2. c4 dxc4 3. Nf3 Nf6 4. e3 e6 5. Bxc4 c5 6. O-O a6 7. a4 cxd4 8. exd4 Nc6 9. Nc3 Be7 10. Re1 O-O 11. Be3 Bd7 12. Rc1 Na5 13. Ba2 Bc6 14. Ne5 Bd5 15. Nxd5 Nxd5 16. Bd2 Bd6 17. Qf3 Bxe5 18. dxe5 Nc6 19. Qg4 Nce7 20. Bg5 Qe8 21. Bxd5 exd5 22. Rc7 Ng6 23. Qd4 Qe6 24. Rxb7 Rac8 25. Rb6 Qf5 26. Bd2 Rc4 27. Qxd5 Rxa4 28. Rb4 Rxb4 29. Bxb4 Rc8 30. Bc3 h5 31. Qd4 Qe6 32. Qd6 Rc6 33. Qd8+ Kh7 34. Qg5 h4 35. Rd1 Rc8 36. Rd6 Qa2 37. h3 Qb1+ 38. Kh2 Qe4 39. f3 Qf4+ 40. Qxf4 Nxf4 41. Rxa6 Ne2 42. Ra4 Nxc3 43. Rxh4+ Kg6 44. bxc3 Kf5 45. Rh5+ Ke6 46. Rg5 g6 47. h4 Rxc3 48. h5 gxh5 49. Rxh5 1-0

[Event "Mülheim-Nord 3 - Bochum"]
[Site "?"]
[Date "2024.04.28"]
[Round "9.6"]
[White "Schmidt, Kevin"]
[Black "Zozulia, Anna"]
[Result "0-1"]
[WhiteElo "1978"]
[BlackElo "2228"]
[PlyCount "138"]
[EventDate "2024.??.??"]
[SourceVersionDate "2023.09.04"]

1. e4 c5 2. Nf3 Nc6 3. Bb5 d6 4. O-O Bd7 5. Re1 Nf6 6. h3 a6 7. Bf1 e6 8. d4 cxd4 9. Nxd4 Be7 10. c4 O-O 11. Nc3 Rc8 12. Be3 Na5 13. b3 b5 14. Rc1 b4 15. Nce2 Nxe4 16. f3 Nf6 17. Qd2 d5 18. cxd5 Nxd5 19. Bf2 e5 20. Nc2 Be6 21. Rcd1 Qc7 22. Ne3 Nxe3 23. Qxe3 Nc6 24. Ng3 Qa5 25. Qe2 Bc5 26. Ne4 Bxf2+ 27. Qxf2 Nd4 28. Rd2 Rfd8 29. f4 h6 30. fxe5 Qxe5 31. Ng3 Qg5 32. Red1 Ne2+ 33. Qxe2 Rxd2 34. Qxd2 Qxg3 35. Bxa6 Rc3 36. Bf1 Bxh3 37. Qd8+ Kh7 38. Rd3 Qg6 39. Qd4 Bxg2 40. Rxc3 Bxf1+ 41. Kxf1 bxc3 42. Qxc3 Qb1+ 43. Kg2 Qxa2+ 44. Kg3 Qa3 45. Qd3+ g6 46. Qd5 Kg8 47. Qd8+ Qf8 48. Qc7 Qb4 49. Qd8+ Kg7 50. Qd5 h5 51. Qe5+ Kf8 52. Qd5 Ke7 53. Kg2 Qg4+ 54. Kh2 Qf4+ 55. Kg2 h4 56. Qb7+ Kf6 57. b4 g5 58. b5 g4 59. Qc6+ Kg7 60. Qc3+ f6 61. b6 h3+ 62. Kg1 h2+ 63. Kh1 Qf1+ 64. Kxh2 Qf2+ 65. Kh1 Qxb6 66. Kg2 Qd6 67. Qa5 Qc6+ 68. Kg1 Kg6 69. Qd8 Qe6 0-1

[Event "Mülheim-Nord 3 - Bochum"]
[Site "?"]
[Date "2024.04.28"]
[Round "9.7"]
[White "Golinka, Oleksandr"]
[Black "Brockhaus, Bernd"]
[Result "1-0"]
[WhiteElo "2210"]
[BlackElo "1999"]
[PlyCount "27"]
[EventDate "2024.??.??"]
[SourceVersionDate "2023.09.04"]

1. e4 d6 2. d4 g6 3. Be3 Bg7 4. Nc3 c6 5. a4 Nf6 6. Qd2 Qa5 7. Nf3 b5 8. b4 Qxb4 9. axb5 c5 10. Bd3 cxd4 11. Bxd4 e5 12. Ra4 Qb2 13. Nd1 Qb1 14. Ra1 1-0

[Event "Porz 2 - Katernberg 2"]
[Site "?"]
[Date "2024.04.28"]
[Round "9.1"]
[White "Irkilmez, Yakub"]
[Black "Gallasch, Jonas"]
[Result "1-0"]
[WhiteElo "2113"]
[BlackElo "2293"]
[PlyCount "71"]
[EventDate "2024.??.??"]
[SourceVersionDate "2023.09.04"]

1. d4 Nf6 2. c4 g6 3. Nc3 d5 4. Nf3 Bg7 5. h4 dxc4 6. e4 c5 7. d5 b5 8. h5 O-O 9. hxg6 fxg6 10. e5 Ng4 11. d6 e6 12. Rxh7 Rf5 13. Rxg7+ Kxg7 14. Ne4 Nxe5 15. Nfg5 Nbc6 16. g4 Rf8 17. Nxc5 Kg8 18. Bg2 Nb4 19. Be3 Nbd3+ 20. Nxd3 Nxd3+ 21. Kf1 Rb8 22. Kg1 Qxd6 23. Be4 Bb7 24. Bxg6 Qd5 25. Be4 Qe5 26. Bh7+ Kh8 27. Bxd3 Rbd8 28. Qf1 Rxd3 29. Qh3+ Kg7 30. Qh7+ Kf6 31. Qxb7 Rxe3 32. Nh7+ Kg6 33. Nxf8+ Kg5 34. f4+ Qxf4 35. Qg7+ Kh4 36. Ng6+ 1-0

[Event "Porz 2 - Katernberg 2"]
[Site "?"]
[Date "2024.04.28"]
[Round "9.2"]
[White "Malykin, Vitaly"]
[Black "Villwock, Martin"]
[Result "1-0"]
[WhiteElo "2339"]
[BlackElo "2093"]
[PlyCount "63"]
[EventDate "2024.??.??"]
[SourceVersionDate "2023.09.04"]

1. Nf3 d5 2. d4 Nf6 3. c4 c6 4. Nc3 e6 5. Qc2 dxc4 6. e4 b5 7. b3 b4 8. e5 bxc3 9. exf6 Qa5 10. fxg7 Bxg7 11. Bxc4 Nd7 12. O-O O-O 13. Bf4 Qh5 14. Rfe1 Bb7 15. Ne5 Nb6 16. Qxc3 Rad8 17. Bg3 Nd5 18. Qa5 a6 19. Rad1 f5 20. f3 f4 21. Bf2 Kh8 22. Qc5 Ba8 23. Bxd5 Rxd5 24. Qe7 Qe8 25. Qxe8 Rxe8 26. Nd3 Bxd4 27. Nxf4 Bxf2+ 28. Kxf2 Rxd1 29. Rxd1 c5 30. Re1 e5 31. Nd3 e4 32. Nxc5 1-0

[Event "Porz 2 - Katernberg 2"]
[Site "?"]
[Date "2024.04.28"]
[Round "9.3"]
[White "Gassmann, Volker"]
[Black "Schmidt, Bodo"]
[Result "0-1"]
[WhiteElo "2083"]
[BlackElo "2257"]
[PlyCount "56"]
[EventDate "2024.??.??"]
[SourceVersionDate "2023.09.04"]

1. d4 d5 2. c4 c6 3. Nc3 Nf6 4. e3 e6 5. Nf3 Nbd7 6. b3 Bb4 7. Bd2 Qe7 8. cxd5 exd5 9. Bd3 O-O 10. Qc2 Re8 11. O-O Nf8 12. Rfe1 Ng6 13. h3 Bd7 14. Ng5 Bxc3 15. Bxc3 Ne4 16. Nxe4 dxe4 17. Bf1 Nh4 18. Kh1 Qd6 19. Qe2 Qh6 20. Red1 Nxg2 21. Bxg2 Bxh3 22. f3 exf3 23. Bxf3 Bg4+ 24. Kg2 Rxe3 25. Bxg4 Rxe2+ 26. Bxe2 Qe3 27. Bd3 Rd8 28. Rd2 Rd5 0-1

[Event "Porz 2 - Katernberg 2"]
[Site "?"]
[Date "2024.04.28"]
[Round "9.4"]
[White "Gluma, Christian"]
[Black "Dahm, Bernd"]
[Result "1-0"]
[WhiteElo "2100"]
[BlackElo "2085"]
[PlyCount "109"]
[EventDate "2024.??.??"]
[SourceVersionDate "2023.09.04"]

1. e4 e6 2. d4 d5 3. Nd2 Nf6 4. e5 Nfd7 5. c3 c5 6. Bd3 b6 7. Ne2 Ba6 8. Bxa6 Nxa6 9. O-O Nc7 10. f4 f5 11. exf6 Nxf6 12. Nf3 Bd6 13. Ne5 O-O 14. Be3 Ne4 15. Ng3 Nxg3 16. hxg3 Ne8 17. Nf3 Nf6 18. Bf2 Ne4 19. Re1 c4 20. Qc2 Qd7 21. Re3 b5 22. Rae1 Rae8 23. Nd2 Nxf2 24. Kxf2 g5 25. f5 Re7 26. Kg1 exf5 27. Rxe7 Bxe7 28. Nf3 Bf6 29. Qe2 h6 30. Qc2 Bg7 31. Re3 f4 32. gxf4 Rxf4 33. Qg6 Rf8 34. Re6 Qf7 35. Qxf7+ Rxf7 36. Rd6 Rf5 37. Ra6 b4 38. Rxa7 bxc3 39. bxc3 g4 40. Nd2 h5 41. Nf1 h4 42. Ne3 Rf4 43. Nxd5 Re4 44. Kf2 h3 45. gxh3 gxh3 46. Kg3 Kf8 47. Kxh3 Bh6 48. Kg3 Re2 49. Kf3 Rc2 50. a4 Ra2 51. Ke4 Bd2 52. Ke5 Ra3 53. Kf6 Ke8 54. Ke6 Kf8 55. Nf6 1-0

[Event "Porz 2 - Katernberg 2"]
[Site "?"]
[Date "2024.04.28"]
[Round "9.5"]
[White "Dette, Jan"]
[Black "Sabirov, Rafael"]
[Result "0-1"]
[WhiteElo "2081"]
[BlackElo "2177"]
[PlyCount "82"]
[EventDate "2024.??.??"]
[SourceVersionDate "2023.09.04"]

1. e4 c5 2. Nf3 e6 3. d4 cxd4 4. Nxd4 Nc6 5. Be3 Qc7 6. Nc3 a6 7. Qf3 Nf6 8. O-O-O Ne5 9. Qg3 b5 10. f4 Neg4 11. Bg1 b4 12. Na4 h5 13. Bd3 Bb7 14. h3 Nh6 15. Qf3 d5 16. e5 Ne4 17. Bxe4 dxe4 18. Qxh5 g6 19. Qe2 Bd5 20. Kb1 Be7 21. g4 Rc8 22. Be3 Bc4 23. Qg2 Qa5 24. b3 Bb5 25. Nb2 Bc5 26. Qxe4 Qb6 27. Rhe1 Ng8 28. f5 Ne7 29. fxe6 fxe6 30. Bg5 Rg8 31. Bxe7 Bxe7 32. Nxb5 axb5 33. Qd4 Qc7 34. Re2 Bc5 35. Qe4 Qa7 36. Nd3 Ra8 37. Qc6+ Kf7 38. Nxc5 Qxa2+ 39. Kc1 Qa1+ 40. Kd2 Qc3+ 41. Kc1 Ra1# 0-1

[Event "Porz 2 - Katernberg 2"]
[Site "?"]
[Date "2024.04.28"]
[Round "9.6"]
[White "Kruse, Victor"]
[Black "Gorainow, Nikita"]
[Result "1/2-1/2"]
[WhiteElo "2017"]
[BlackElo "2033"]
[PlyCount "64"]
[EventDate "2024.??.??"]
[SourceVersionDate "2023.09.04"]

1. d4 Nf6 2. c4 g6 3. Nc3 d5 4. Nf3 Bg7 5. Qb3 dxc4 6. Qxc4 O-O 7. e4 a6 8. Be2 b5 9. Qb3 c5 10. dxc5 Be6 11. Qc2 Nbd7 12. Be3 Rc8 13. Rd1 b4 14. Nd5 Bxd5 15. exd5 Nxc5 16. O-O Qa5 17. Ne5 Nb7 18. Nc6 Qc7 19. Bxa6 Ng4 20. g3 Nxe3 21. fxe3 e6 22. Rc1 exd5 23. Qb3 Qd7 24. Nxb4 d4 25. Rxc8 Rxc8 26. Qd5 Qe7 27. Bxb7 Rb8 28. e4 Qxb4 29. Qxf7+ Kh8 30. Bd5 d3 31. Qc7 d2 32. Qc4 Qxb2 1/2-1/2

[Event "Porz 2 - Katernberg 2"]
[Site "?"]
[Date "2024.04.28"]
[Round "9.7"]
[White "Dette, Tim"]
[Black "Gallasch, Robin"]
[Result "0-1"]
[WhiteElo "1867"]
[BlackElo "2110"]
[PlyCount "90"]
[EventDate "2024.??.??"]
[SourceVersionDate "2023.09.04"]

1. e4 c5 2. c4 Nc6 3. g3 g6 4. Bg2 Bg7 5. Ne2 e6 6. O-O Nge7 7. Nbc3 O-O 8. d3 d6 9. Be3 Nd4 10. Rb1 a6 11. b4 Rb8 12. a3 Bd7 13. Bf4 e5 14. Bd2 Qc8 15. Nxd4 cxd4 16. Nd5 Nxd5 17. cxd5 Bb5 18. Qb3 Qd7 19. Rbc1 f5 20. Bh3 Rbc8 21. Rxc8 Rxc8 22. Rc1 Rxc1+ 23. Bxc1 Qc8 24. Bd2 Bd7 25. f3 h5 26. Qd1 Kh7 27. Qc1 Qxc1+ 28. Bxc1 Bh6 29. Bxh6 Kxh6 30. Kf2 Kg5 31. Bg2 Bb5 32. Bf1 f4 33. Be2 fxg3+ 34. hxg3 Bd7 35. Kg2 h4 36. Kh2 hxg3+ 37. Kxg3 Ba4 38. f4+ exf4+ 39. Kf3 Bd7 40. Kg2 Kf6 41. Kf2 g5 42. Bh5 g4 43. a4 g3+ 44. Kg2 Bxa4 45. Bg4 b6 0-1

[Event "Porz 2 - Katernberg 2"]
[Site "?"]
[Date "2024.04.28"]
[Round "9.8"]
[White "Kremser, Michael"]
[Black "Kohlhaw, Marc"]
[Result "1-0"]
[WhiteElo "2000"]
[BlackElo "1759"]
[PlyCount "67"]
[EventDate "2024.??.??"]
[SourceVersionDate "2023.09.04"]

1. Nf3 d5 2. b3 Nf6 3. Bb2 g6 4. e3 Bg7 5. c4 c6 6. Be2 O-O 7. O-O Nbd7 8. d4 e6 9. Nbd2 a5 10. Qc2 Re8 11. Rfe1 Qc7 12. Rac1 h6 13. Bd3 g5 14. e4 dxe4 15. Nxe4 Nxe4 16. Rxe4 b6 17. Rce1 e5 18. Nxe5 Nxe5 19. dxe5 Bf5 20. R4e2 Bxd3 21. Qxd3 Re6 22. g3 Rae8 23. f4 gxf4 24. gxf4 Rg6+ 25. Kh1 c5 26. f5 Rg5 27. Qf3 Qd7 28. e6 fxe6 29. fxe6 Qe7 30. h4 Rg6 31. Qh5 Qb7+ 32. Qd5 Qe7 33. Qe4 Rxe6 34. Qxe6+ 1-0

[Event "Essen-Katernberg - Wattenscheid"]
[Site "?"]
[Date "2024.04.28"]
[Round "9.1"]
[White "Koscielski, Janusz"]
[Black "Tomic, Bosko"]
[Result "1/2-1/2"]
[WhiteElo "2267"]
[BlackElo "2425"]
[PlyCount "40"]
[EventDate "2024.??.??"]
[SourceVersionDate "2023.09.04"]

1. e4 c5 2. c3 Nf6 3. e5 Nd5 4. Nf3 d6 5. Bb5+ Bd7 6. Bc4 e6 7. O-O Bc6 8. d4 cxd4 9. cxd4 Nd7 10. Re1 dxe5 11. dxe5 N7b6 12. Bf1 Bb4 13. Nbd2 Nf4 14. a3 Be7 15. g3 Nd3 16. Re3 Nxc1 17. Rxc1 O-O 18. Rd3 Qe8 19. Nd4 Bd5 20. Bg2 Rc8 1/2-1/2

[Event "Essen-Katernberg - Wattenscheid"]
[Site "?"]
[Date "2024.04.28"]
[Round "9.2"]
[White "Kueppers, Timo"]
[Black "Schiffer, Kai-Uwe"]
[Result "1-0"]
[WhiteElo "2270"]
[BlackElo "2272"]
[PlyCount "115"]
[EventDate "2024.??.??"]
[SourceVersionDate "2023.09.04"]

1. c4 e6 2. g3 d5 3. Bg2 Nf6 4. Nf3 dxc4 5. Qa4+ Bd7 6. Qxc4 c5 7. Ne5 Qc8 8. O-O Nc6 9. Nxd7 Qxd7 10. d3 Be7 11. Nc3 Rc8 12. Qa4 O-O 13. Bd2 b6 14. Rfd1 Rfd8 15. Rab1 Ne8 16. Be1 Nd6 17. e3 Nf5 18. Nb5 Nb4 19. Bxb4 cxb4 20. Qa6 Nd6 21. Nxd6 Bxd6 22. d4 Rc7 23. Be4 g6 24. h4 Qe7 25. Rbc1 Rdd7 26. Bc6 Rd8 27. Rc2 Rdc8 28. Rdc1 e5 29. d5 Kg7 30. Rc4 f5 31. Re1 Rf8 32. Qa4 Qf6 33. Qc2 e4 34. Qd2 Rd8 35. Rec1 a5 36. Qd4 Qxd4 37. Rxd4 Be5 38. Rd2 Kf6 39. Kf1 h6 40. Ke2 g5 41. hxg5+ hxg5 42. Rh1 Kg6 43. Rh3 Rh7 44. Rxh7 Kxh7 45. Kd1 Kg6 46. Kc2 f4 47. gxf4 gxf4 48. Kb3 Bd6 49. Kc4 Kf5 50. exf4 Bc5 51. Kb5 Rd6 52. Ka6 Kxf4 53. Kb7 Ke5 54. Kc7 a4 55. Re2 a3 56. bxa3 bxa3 57. Re1 Rxd5 58. f4+ 1-0

[Event "Essen-Katernberg - Wattenscheid"]
[Site "?"]
[Date "2024.04.28"]
[Round "9.3"]
[White "Wengenroth, Walter"]
[Black "Schimnatkowski, Lukas"]
[Result "1-0"]
[WhiteElo "2239"]
[BlackElo "2170"]
[PlyCount "85"]
[EventDate "2024.??.??"]
[SourceVersionDate "2023.09.04"]

1. e4 e6 2. d4 d5 3. Nd2 c5 4. exd5 Qxd5 5. dxc5 Bxc5 6. Ngf3 Nf6 7. Bd3 Nc6 8. O-O O-O 9. Qe2 Re8 10. Ne4 Nxe4 11. Bxe4 Nd4 12. Qd3 Nxf3+ 13. Qxf3 Qc4 14. b3 Qb4 15. a4 f5 16. Bd3 Bd4 17. Ba3 Qb6 18. Rad1 Bd7 19. Bc4 Bc6 20. Qxf5 Kh8 21. Qg4 e5 22. Rd3 Rad8 23. Bf7 e4 24. Rg3 Rf8 25. Bxf8 Rxf8 26. Rh3 h6 27. Qe6 Be8 28. Qxb6 Bxb6 29. Bxe8 Rxe8 30. Rd1 Kh7 31. Kf1 Rf8 32. f3 Rf6 33. Ke2 e3 34. Rh4 Rc6 35. Rc4 Rg6 36. Rg4 Rc6 37. c4 h5 38. Re4 Bc5 39. Re5 g6 40. Rd7+ Kh6 41. Rxb7 Bd6 42. Re6 Kg5 43. Rd7 1-0

[Event "Essen-Katernberg - Wattenscheid"]
[Site "?"]
[Date "2024.04.28"]
[Round "9.4"]
[White "Wessendorf, Thomas"]
[Black "Sandkamp, Ralph"]
[Result "0-1"]
[WhiteElo "2263"]
[BlackElo "2245"]
[PlyCount "66"]
[EventDate "2024.??.??"]
[SourceVersionDate "2023.09.04"]

1. e4 c5 2. Nf3 d6 3. d4 cxd4 4. Nxd4 Nf6 5. Nc3 g6 6. Be3 Nc6 7. f3 h5 8. Bc4 Bg7 9. Nxc6 bxc6 10. e5 Nd7 11. exd6 Ne5 12. Bb3 exd6 13. Qd2 O-O 14. O-O-O d5 15. Bh6 Be6 16. Bxg7 Kxg7 17. Rhe1 Qf6 18. Na4 Nd7 19. Qe3 Rfe8 20. Nc5 d4 21. Nxe6+ Rxe6 22. Qd2 Rxe1 23. Rxe1 c5 24. Re4 Qd6 25. f4 Rd8 26. g3 Nb6 27. Qe2 Qc6 28. c4 dxc3 29. bxc3 c4 30. Bc2 Qc5 31. Qe3 Qa3+ 32. Kb1 Nd5 33. Qd4+ Kg8 0-1

[Event "Essen-Katernberg - Wattenscheid"]
[Site "?"]
[Date "2024.04.28"]
[Round "9.5"]
[White "Thiel, Thomas"]
[Black "Rosen, Bernd"]
[Result "1-0"]
[WhiteElo "2123"]
[BlackElo "2288"]
[PlyCount "61"]
[EventDate "2024.??.??"]
[SourceVersionDate "2023.09.04"]

1. e4 e6 2. d4 d5 3. Nc3 Nf6 4. Bg5 dxe4 5. Nxe4 Be7 6. Nxf6+ Bxf6 7. Bxf6 Qxf6 8. Nf3 O-O 9. Qd3 c5 10. O-O-O Rd8 11. Qe4 Nc6 12. Bd3 Qh6+ 13. Qe3 Nxd4 14. Ng5 f6 15. Ne4 Qxe3+ 16. fxe3 Nf5 17. Nxc5 Nd6 18. Be4 Rb8 19. Rd3 b6 20. Rhd1 bxc5 21. Rxd6 Rf8 22. Bf3 Bb7 23. Rxe6 Kf7 24. Rdd6 Bc8 25. Re4 Bf5 26. Ra4 Rfe8 27. Rxa7+ Kg6 28. g4 Be4 29. Rdd7 Kh6 30. Rxg7 Bg6 31. Rge7 1-0

[Event "Essen-Katernberg - Wattenscheid"]
[Site "?"]
[Date "2024.04.28"]
[Round "9.6"]
[White "Korchynskyi, Mykola"]
[Black "Hirsch, Stefan"]
[Result "1-0"]
[WhiteElo "2329"]
[BlackElo "2128"]
[PlyCount "77"]
[EventDate "2024.??.??"]
[SourceVersionDate "2023.09.04"]

1. d4 Nf6 2. c4 e6 3. Nc3 Bb4 4. Qc2 O-O 5. a3 Bxc3+ 6. Qxc3 b6 7. Bg5 Bb7 8. e3 d6 9. Ne2 Nbd7 10. Qc2 e5 11. Rd1 exd4 12. Rxd4 Re8 13. Nc3 Qe7 14. Be2 Qe5 15. Bf4 Qe6 16. O-O Ne5 17. Rfd1 Ng6 18. Bg3 Ne4 19. Nxe4 Bxe4 20. Qc1 Ne7 21. b4 Nf5 22. Rxe4 Qxe4 23. Bf3 Qe6 24. Bxa8 Rxa8 25. c5 Nxg3 26. hxg3 dxc5 27. bxc5 Qc6 28. Rd3 h6 29. Rc3 b5 30. Qd2 a5 31. Rc1 g6 32. Qc3 h5 33. Rd1 Rb8 34. Rd4 f6 35. Qd3 Kh7 36. Rd7+ Kh6 37. Qd4 g5 38. Qd3 Rh8 39. Qf5 1-0

[Event "Essen-Katernberg - Wattenscheid"]
[Site "?"]
[Date "2024.04.28"]
[Round "9.7"]
[White "Koerber, Matthias"]
[Black "Struck, Lasse"]
[Result "1/2-1/2"]
[WhiteElo "2167"]
[BlackElo "1983"]
[PlyCount "67"]
[EventDate "2024.??.??"]
[SourceVersionDate "2023.09.04"]

1. d4 Nf6 2. c4 e6 3. Nc3 Bb4 4. Qc2 O-O 5. Nf3 d6 6. Bg5 h6 7. h4 d5 8. Bd2 dxc4 9. e4 b5 10. Nxb5 Bxd2+ 11. Nxd2 a6 12. Nc3 Nc6 13. Ne2 Nxd4 14. Qxc4 c5 15. e5 Nd7 16. Nxd4 cxd4 17. Qxd4 Qa5 18. f4 Rb8 19. Rh3 f6 20. exf6 Nxf6 21. Ra3 Qc7 22. Rc3 Qe7 23. O-O-O Nd5 24. Rg3 Rb4 25. Bc4 Rxf4 26. Qd3 Qf6 27. Bb3 a5 28. Qg6 Qe5 29. Nf3 Rfc4+ 30. Kb1 Qe4+ 31. Qxe4 Rxe4 32. Rxd5 exd5 33. Bxd5+ Be6 34. Bxe4 1/2-1/2

[Event "Essen-Katernberg - Wattenscheid"]
[Site "?"]
[Date "2024.04.28"]
[Round "9.8"]
[White "Krueger, Erich"]
[Black "Gohla, Ulf"]
[Result "1/2-1/2"]
[WhiteElo "2111"]
[BlackElo "2104"]
[PlyCount "88"]
[EventDate "2024.??.??"]
[SourceVersionDate "2023.09.04"]

1. d4 Nf6 2. c4 e6 3. Nc3 Bb4 4. e3 O-O 5. Nge2 Re8 6. a3 Bf8 7. Ng3 d5 8. cxd5 exd5 9. Be2 c6 10. O-O Nbd7 11. Bf3 g6 12. b4 a6 13. Na4 a5 14. Bd2 b5 15. Nc5 Nxc5 16. dxc5 Ne4 17. Bxe4 dxe4 18. Bc3 Qxd1 19. Rfxd1 f5 20. Ne2 Be6 21. Nd4 axb4 22. Bxb4 Bg7 23. Nxc6 Bxa1 24. Rxa1 Bc4 25. Rd1 Bd3 26. f4 Ra6 27. Ne5 Rxe5 28. fxe5 Kf7 29. Rc1 Bc4 30. Ra1 Ke6 31. Bc3 Kd5 32. Bd4 Ra4 33. g3 b4 34. axb4 Rxa1+ 35. Bxa1 Bb5 36. Kf2 Kc4 37. g4 Kxb4 38. gxf5 gxf5 39. Bd4 Kc4 40. Kg3 Kd5 41. Kf4 Bd7 42. h4 h6 43. Kg3 Ke6 44. Kf4 Kd5 1/2-1/2